The American character
Uloženo v:
| Hlavní autor: | |
|---|---|
| Médium: | Kniha |
| Jazyk: | Undetermined |
| Vydáno: |
New York
Alfreda A. Knopf
1944
|
| Témata: | |
| Tagy: |
Přidat tag
Žádné tagy, Buďte první, kdo otaguje tento záznam!
|
| Thư viện lưu trữ: | Trung tâm Học liệu Trường Đại học Cần Thơ |
|---|
| LEADER | 00481nam a2200181Ia 4500 | ||
|---|---|---|---|
| 001 | CTU_86003 | ||
| 008 | 210402s9999 xx 000 0 und d | ||
| 082 | |a 917.3 | ||
| 082 | |b B866 | ||
| 100 | |a Brogan, D. W. | ||
| 245 | 4 | |a The American character | |
| 245 | 0 | |c D. W. Brogan | |
| 260 | |a New York | ||
| 260 | |b Alfreda A. Knopf | ||
| 260 | |c 1944 | ||
| 650 | |a National characteristics, american | ||
| 904 | |i Tuyến | ||
| 980 | |a Trung tâm Học liệu Trường Đại học Cần Thơ | ||